| 000 | 00710nam a2200217 a 4500 | ||
|---|---|---|---|
| 001 | 000035900 | ||
| 005 | 20200930074714.0 | ||
| 008 | 111115s1961 es 000 0 spa d | ||
| 040 |
_aDO-SdBNP _bspa _cBNPHU |
||
| 100 | 1 |
_aCastro, Josué de, _d1908- _961897 |
|
| 240 | 1 | 0 |
_aThe geography of hunger _linglés |
| 245 | 1 | 0 |
_aGeografia del hambre / _cJosué de Castro ; truducción María Dolores López. |
| 250 | _a2a ed. | ||
| 260 |
_aMadrid : _bEdiciones CID, _c1961. |
||
| 300 |
_a377 p. ; _c23 cm. |
||
| 490 | 1 |
_aVortice _v2 |
|
| 590 | _aPerteneció a la biblioteca personal de Juan Isidro Jimenes Grullón | ||
| 700 | 1 |
_aLópez, María Dolores _etr. _961898 |
|
| 830 | 0 |
_aVortice _v2 _959169 |
|
| 049 | _aBNPD | ||
| 999 |
_c35391 _d35391 |
||